000 00412nam a2200133Ia 4500
008 151001s9999||||xx |||||||||||||| ||und||
100 _aमहावीरप्रसाद द्विवेदी
245 _aविचित्र जिव जंतू और वनस्पतीया
250 _a1
260 _bसंभावना
260 _c2003
300 _a197
365 _b21
999 _c980930
_d980927